<?xml version="1.0" encoding="UTF-8"?>
<record
    xmlns:xsi="http://www.w3.org/2001/XMLSchema-instance"
    xsi:schemaLocation="http://www.loc.gov/MARC21/slim http://www.loc.gov/standards/marcxml/schema/MARC21slim.xsd"
    xmlns="http://www.loc.gov/MARC21/slim">

  <leader>03051nam1a22004331  4500</leader>
  <controlfield tag="001">v19\rc\1325518</controlfield>
  <controlfield tag="005">20251115134832.3</controlfield>
  <datafield tag="035" ind1=" " ind2=" ">
    <subfield code="a">(NLR Aleph) 004478450</subfield>
  </datafield>
  <datafield tag="090" ind1=" " ind2=" ">
    <subfield code="a">4594266</subfield>
    <subfield code="c">4594266</subfield>
  </datafield>
  <datafield tag="100" ind1=" " ind2=" ">
    <subfield code="a">20260118              rusy50        </subfield>
  </datafield>
  <datafield tag="101" ind1="0" ind2=" ">
    <subfield code="a">rus</subfield>
  </datafield>
  <datafield tag="102" ind1=" " ind2=" ">
    <subfield code="a">RU</subfield>
  </datafield>
  <datafield tag="105" ind1=" " ind2=" ">
    <subfield code="a">    z   |||||</subfield>
  </datafield>
  <datafield tag="200" ind1="1" ind2=" ">
    <subfield code="a">&#x413;&#x43E;&#x434;&#x438;&#x447;&#x43D;&#x44B;&#x439; &#x43E;&#x442;&#x447;&#x435;&#x442; &#x43E; &#x441;&#x43E;&#x441;&#x442;&#x43E;&#x44F;&#x43D;&#x438;&#x438; &#x418;&#x43C;&#x43F;. &#x41A;&#x430;&#x437;&#x430;&#x43D;&#x441;&#x43A;&#x43E;&#x433;&#x43E; &#x443;&#x43D;&#x438;&#x432;&#x435;&#x440;&#x441;&#x438;&#x442;&#x435;&#x442;&#x430;...</subfield>
  </datafield>
  <datafield tag="210" ind1=" " ind2=" ">
    <subfield code="a">&#x41A;&#x430;&#x437;&#x430;&#x43D;&#x44C;</subfield>
    <subfield code="d">1840-1916</subfield>
  </datafield>
  <datafield tag="215" ind1=" " ind2=" ">
    <subfield code="d">24-28</subfield>
  </datafield>
  <datafield tag="300" ind1=" " ind2=" ">
    <subfield code="a">&#x41E;&#x442;&#x447;&#x435;&#x442;&#x44B; &#x437;&#x430; 1840/41-1843/44, 1846/47-1848/49 &#x433;&#x433;. &#x43D;&#x430;&#x43F;&#x435;&#x447;. &#x432; &#x438;&#x437;&#x434;.: &#x41E;&#x431;&#x43E;&#x437;&#x440;&#x435;&#x43D;&#x438;&#x435; &#x43F;&#x440;&#x435;&#x43F;&#x43E;&#x434;&#x430;&#x432;&#x430;&#x43D;&#x438;&#x44F; &#x432; &#x418;&#x43C;&#x43F;. &#x41A;&#x430;&#x437;&#x430;&#x43D;&#x441;&#x43A;. &#x443;&#x43D;-&#x442;&#x435; &#x437;&#x430; &#x441;&#x43E;&#x43E;&#x442;&#x432;&#x435;&#x442;&#x441;&#x442;&#x432;&#x443;&#x44E;&#x449;&#x438;&#x435; &#x433;&#x43E;&#x434;&#x44B;</subfield>
  </datafield>
  <datafield tag="300" ind1=" " ind2=" ">
    <subfield code="a">&#x418;&#x437;&#x432;&#x43B;&#x435;&#x447;&#x435;&#x43D;&#x438;&#x44F; &#x438;&#x437; &#x43E;&#x442;&#x447;&#x435;&#x442;&#x43E;&#x432; &#x437;&#x430;: 1864/1865-1865/1866, 1868/1869, 1871/1872-1874/1875, 1877/1878-1880/1881 &#x433;&#x440;&#x430;&#x436;&#x434;&#x430;&#x43D;&#x441;&#x43A;&#x438;&#x439; &#x433;&#x43E;&#x434; &#x438; &#x43E;&#x442;&#x447;&#x435;&#x442;&#x44B; &#x437;&#x430; 1882/1883-1905, 1908-1909 &#x433;&#x433;. &#x43D;&#x430;&#x43F;&#x435;&#x447;. &#x432; &#x438;&#x437;&#x434;.: &#x413;&#x43E;&#x434;&#x438;&#x447;&#x43D;&#x44B;&#x439; &#x430;&#x43A;&#x442; &#x432; &#x418;&#x43C;&#x43F;. &#x41A;&#x430;&#x437;&#x430;&#x43D;&#x441;&#x43A;. &#x443;&#x43D;-&#x442;&#x435;, &#x437;&#x430; &#x441;&#x43E;&#x43E;&#x442;&#x432;&#x435;&#x442;&#x441;&#x442;&#x432;&#x443;&#x44E;&#x449;&#x438;&#x435; &#x433;&#x43E;&#x434;&#x44B;</subfield>
  </datafield>
  <datafield tag="300" ind1=" " ind2=" ">
    <subfield code="a">&#x412; &#x438;&#x437;&#x434;. &#x43F;&#x43E;&#x43C;&#x435;&#x449;&#x435;&#x43D;&#x44B; &#x442;&#x430;&#x43A;&#x436;&#x435; &#x440;&#x435;&#x447;&#x438;, &#x43F;&#x440;&#x43E;&#x438;&#x437;&#x43D;&#x435;&#x441;&#x435;&#x43D;&#x43D;&#x44B;&#x435; &#x432; &#x442;&#x43E;&#x440;&#x436;&#x435;&#x441;&#x442;&#x432;&#x435;&#x43D;&#x43D;&#x44B;&#x445; &#x441;&#x43E;&#x431;&#x440;&#x430;&#x43D;&#x438;&#x44F;&#x445; &#x418;&#x43C;&#x43F;. &#x41A;&#x430;&#x437;&#x430;&#x43D;&#x441;&#x43A;. &#x443;&#x43D;-&#x442;&#x430; &#x438; &#x43E;&#x431;&#x43E;&#x437;&#x440;&#x435;&#x43D;&#x438;&#x435; &#x43F;&#x440;&#x435;&#x43F;&#x43E;&#x434;&#x430;&#x432;&#x430;&#x43D;&#x438;&#x44F;</subfield>
  </datafield>
  <datafield tag="300" ind1=" " ind2=" ">
    <subfield code="a">&#x417;&#x430;&#x433;&#x43B;. &#x43E;&#x442;&#x447;&#x435;&#x442;&#x43E;&#x432;: &#x437;&#x430; 1849/50-1852/53, 1854/55, 1857/58-1859/60, 1903 &#x433;&#x433;.: &#x41E;&#x442;&#x447;&#x435;&#x442; &#x43E; &#x441;&#x43E;&#x441;&#x442;&#x43E;&#x44F;&#x43D;&#x438;&#x438; &#x418;&#x43C;&#x43F;&#x435;&#x440;&#x430;&#x442;&#x43E;&#x440;&#x441;&#x43A;&#x43E;&#x433;&#x43E; &#x41A;&#x430;&#x437;&#x430;&#x43D;&#x441;&#x43A;&#x43E;&#x433;&#x43E; &#x443;&#x43D;&#x438;&#x432;&#x435;&#x440;&#x441;&#x438;&#x442;&#x435;&#x442;&#x430;; &#x437;&#x430; 1853/54 &#x433;.: &#x41E;&#x442;&#x447;&#x435;&#x442; &#x418;&#x43C;&#x43F;&#x435;&#x440;&#x430;&#x442;&#x43E;&#x440;&#x441;&#x43A;&#x43E;&#x433;&#x43E; &#x41A;&#x430;&#x437;&#x430;&#x43D;&#x441;&#x43A;&#x43E;&#x433;&#x43E; &#x443;&#x43D;&#x438;&#x432;&#x435;&#x440;&#x441;&#x438;&#x442;&#x435;&#x442;&#x430;; &#x437;&#x430; 1866/67 &#x433;.: &#x418;&#x437;&#x432;&#x43B;&#x435;&#x447;&#x435;&#x43D;&#x438;&#x435; &#x438;&#x437; &#x43E;&#x442;&#x447;&#x435;&#x442;&#x430; &#x43F;&#x43E; &#x418;&#x43C;&#x43F;&#x435;&#x440;&#x430;&#x442;&#x43E;&#x440;&#x441;&#x43A;&#x43E;&#x43C;&#x443; &#x41A;&#x430;&#x437;&#x430;&#x43D;&#x441;&#x43A;&#x43E;&#x43C;&#x443; &#x443;&#x43D;&#x438;&#x432;&#x435;&#x440;&#x441;&#x438;&#x442;&#x435;&#x442;&#x443;; &#x437;&#x430; 1873, 1876-1878 &#x433;&#x433;.: &#x418;&#x437;&#x432;&#x43B;&#x435;&#x447;&#x435;&#x43D;&#x438;&#x435; &#x438;&#x437; &#x43E;&#x442;&#x447;&#x435;&#x442;&#x430; &#x418;&#x43C;&#x43F;&#x435;&#x440;&#x430;&#x442;&#x43E;&#x440;&#x441;&#x43A;&#x43E;&#x433;&#x43E; &#x41A;&#x430;&#x437;&#x430;&#x43D;&#x441;&#x43A;&#x43E;&#x433;&#x43E; &#x443;&#x43D;&#x438;&#x432;&#x435;&#x440;&#x441;&#x438;&#x442;&#x435;&#x442;&#x430;</subfield>
  </datafield>
  <datafield tag="517" ind1="0" ind2=" ">
    <subfield code="a">&#x41E;&#x442;&#x447;&#x435;&#x442; &#x43E; &#x441;&#x43E;&#x441;&#x442;&#x43E;&#x44F;&#x43D;&#x438;&#x438; &#x418;&#x43C;&#x43F;&#x435;&#x440;&#x430;&#x442;&#x43E;&#x440;&#x441;&#x43A;&#x43E;&#x433;&#x43E; &#x41A;&#x430;&#x437;&#x430;&#x43D;&#x441;&#x43A;&#x43E;&#x433;&#x43E; &#x443;&#x43D;&#x438;&#x432;&#x435;&#x440;&#x441;&#x438;&#x442;&#x435;&#x442;&#x430;</subfield>
  </datafield>
  <datafield tag="517" ind1="0" ind2=" ">
    <subfield code="a">&#x41E;&#x442;&#x447;&#x435;&#x442; &#x418;&#x43C;&#x43F;&#x435;&#x440;&#x430;&#x442;&#x43E;&#x440;&#x441;&#x43A;&#x43E;&#x433;&#x43E; &#x41A;&#x430;&#x437;&#x430;&#x43D;&#x441;&#x43A;&#x43E;&#x433;&#x43E; &#x443;&#x43D;&#x438;&#x432;&#x435;&#x440;&#x441;&#x438;&#x442;&#x435;&#x442;&#x430;</subfield>
  </datafield>
  <datafield tag="517" ind1="0" ind2=" ">
    <subfield code="a">&#x418;&#x437;&#x432;&#x43B;&#x435;&#x447;&#x435;&#x43D;&#x438;&#x435; &#x438;&#x437; &#x43E;&#x442;&#x447;&#x435;&#x442;&#x430; &#x43F;&#x43E; &#x418;&#x43C;&#x43F;&#x435;&#x440;&#x430;&#x442;&#x43E;&#x440;&#x441;&#x43A;&#x43E;&#x43C;&#x443; &#x41A;&#x430;&#x437;&#x430;&#x43D;&#x441;&#x43A;&#x43E;&#x43C;&#x443; &#x443;&#x43D;&#x438;&#x432;&#x435;&#x440;&#x441;&#x438;&#x442;&#x435;&#x442;&#x443;</subfield>
  </datafield>
  <datafield tag="517" ind1="0" ind2=" ">
    <subfield code="a">&#x418;&#x437;&#x432;&#x43B;&#x435;&#x447;&#x435;&#x43D;&#x438;&#x435; &#x438;&#x437; &#x43E;&#x442;&#x447;&#x435;&#x442;&#x430; &#x418;&#x43C;&#x43F;&#x435;&#x440;&#x430;&#x442;&#x43E;&#x440;&#x441;&#x43A;&#x43E;&#x433;&#x43E; &#x41A;&#x430;&#x437;&#x430;&#x43D;&#x441;&#x43A;&#x43E;&#x433;&#x43E; &#x443;&#x43D;&#x438;&#x432;&#x435;&#x440;&#x441;&#x438;&#x442;&#x435;&#x442;&#x430;</subfield>
  </datafield>
  <datafield tag="532" ind1="1" ind2="2">
    <subfield code="a">&#x413;&#x43E;&#x434;&#x438;&#x447;&#x43D;&#x44B;&#x439; &#x43E;&#x442;&#x447;&#x435;&#x442; &#x43E; &#x441;&#x43E;&#x441;&#x442;&#x43E;&#x44F;&#x43D;&#x438;&#x438; &#x418;&#x43C;&#x43F;&#x435;&#x440;&#x430;&#x442;&#x43E;&#x440;&#x441;&#x43A;&#x43E;&#x433;&#x43E; &#x41A;&#x430;&#x437;&#x430;&#x43D;&#x441;&#x43A;&#x43E;&#x433;&#x43E; &#x443;&#x43D;&#x438;&#x432;&#x435;&#x440;&#x441;&#x438;&#x442;&#x435;&#x442;&#x430;...</subfield>
  </datafield>
  <datafield tag="710" ind1="0" ind2="2">
    <subfield code="a">&#x41A;&#x430;&#x437;&#x430;&#x43D;&#x441;&#x43A;&#x438;&#x439; &#x443;&#x43D;&#x438;&#x432;&#x435;&#x440;&#x441;&#x438;&#x442;&#x435;&#x442;</subfield>
  </datafield>
  <datafield tag="801" ind1=" " ind2="0">
    <subfield code="a">RU</subfield>
    <subfield code="b">NLR</subfield>
    <subfield code="g">psbo</subfield>
  </datafield>
  <datafield tag="801" ind1=" " ind2="0">
    <subfield code="a">RU</subfield>
    <subfield code="b">RuMoRGB</subfield>
    <subfield code="2">psbo</subfield>
  </datafield>
  <datafield tag="801" ind1=" " ind2="1">
    <subfield code="a">RU</subfield>
    <subfield code="b">ProSoft-M</subfield>
    <subfield code="2">rusmarc</subfield>
  </datafield>
  <datafield tag="852" ind1=" " ind2=" ">
    <subfield code="a">NLR</subfield>
    <subfield code="j">&#x428;&#x438;&#x444;&#x440;&#x44B; &#x440;&#x430;&#x437;&#x43D;&#x44B;&#x435;</subfield>
    <subfield code="y">(1839-1915*)</subfield>
  </datafield>
  <datafield tag="899" ind1=" " ind2=" ">
    <subfield code="a">RuMoRGB</subfield>
    <subfield code="j">F 24/78</subfield>
    <subfield code="z">(1841-1915*)</subfield>
  </datafield>
  <datafield tag="899" ind1=" " ind2=" ">
    <subfield code="a">RuMoRGB</subfield>
    <subfield code="j">F 24/18</subfield>
    <subfield code="z">(1841-1915*)</subfield>
  </datafield>
  <datafield tag="899" ind1=" " ind2=" ">
    <subfield code="a">RuMoRGB</subfield>
    <subfield code="j">&#x41C;&#x41A;</subfield>
    <subfield code="z">(1841-1915*)</subfield>
  </datafield>
  <datafield tag="899" ind1=" " ind2=" ">
    <subfield code="a">RuMoRGB</subfield>
    <subfield code="j">N 26/41</subfield>
    <subfield code="z">(1841-1915*)</subfield>
  </datafield>
  <datafield tag="899" ind1=" " ind2=" ">
    <subfield code="a">&#x411;&#x410;&#x41D;</subfield>
    <subfield code="z">(1839-1915*)</subfield>
  </datafield>
  <datafield tag="899" ind1=" " ind2=" ">
    <subfield code="a">&#x413;&#x41F;&#x418;&#x411;</subfield>
    <subfield code="z">(1839-1915*)</subfield>
  </datafield>
  <datafield tag="899" ind1=" " ind2=" ">
    <subfield code="a">&#x41D;&#x411; &#x41C;&#x413;&#x423;</subfield>
    <subfield code="z">(1849-1850)</subfield>
  </datafield>
  <datafield tag="942" ind1=" " ind2=" ">
    <subfield code="c">BOOK</subfield>
  </datafield>
  <datafield tag="980" ind1=" " ind2=" ">
    <subfield code="a">NB</subfield>
  </datafield>
</record>
